Affordable housing supply England 2010-2011 (Record no. 112829)

MARC details
000 -LEADER
fixed length control field 01413cad a22002415a 4500
001 - CONTROL NUMBER
control field L154070
008 - FIXED-LENGTH DATA ELEMENTS--GENERAL INFORMATION
fixed length control field 111011e20111005xxkd f s 000 0 eng d
020 ## - INTERNATIONAL STANDARD BOOK NUMBER
International Standard Book Number 9781409831839
035 ## - SYSTEM CONTROL NUMBER
System control number (Sirsi) u154070
041 0# - LANGUAGE CODE
Language code of text/sound track or separate title eng
050 04 - LIBRARY OF CONGRESS CALL NUMBER
Classification number 306.1 $2 18
110 2# - MAIN ENTRY--CORPORATE NAME
Corporate name or jurisdiction name as entry element United Kingdom
Subordinate unit Department for Communities and Local Government
9 (RLIN) 4939
245 00 - TITLE STATEMENT
Title Affordable housing supply England 2010-2011
Medium [electronic resource]
260 ## - PUBLICATION, DISTRIBUTION, ETC.
Place of publication, distribution, etc. London
Name of publisher, distributor, etc. DCLG
Date of publication, distribution, etc. 2011
505 2# - FORMATTED CONTENTS NOTE
Formatted contents note Headlines -- Introduction -- National trends -- Low cost home ownership -- New build homes and acquisition -- Regional trends -- Accompanying tabes -- Uses of the data -- Definitions -- Data sources - Related statistics -- Revisions policy -- User consultation -- Enquiries
520 ## - SUMMARY, ETC.
Summary, etc. Latest government statistics for affordable housing supply in England. 60 000 additional affordable homes were supplied in 2010-2011. This represents an increase of 5%. New build homes accounted for 53 380 or 88% of affordable homes during the period. Of all the new affordable homes built in England in 2010-2011, 23% were built in London and 15% in the South East.
521 ## - TARGET AUDIENCE NOTE
Target audience note Advanced
590 ## - LOCAL NOTE (RLIN)
Local note KA
651 #4 - SUBJECT ADDED ENTRY--GEOGRAPHIC NAME
Geographic name England and Wales
Chronological subdivision 1543-
690 ## - LOCAL SUBJECT ADDED ENTRY--TOPICAL TERM (OCLC, RLIN)
Topical term or geographic name as entry element PROPERTY-RESIDENTIAL PROPERTY
856 40 - ELECTRONIC LOCATION AND ACCESS
Uniform Resource Identifier <a href="https://www.communities.gov.uk/documents/statistics/pdf/2001577.pdf">https://www.communities.gov.uk/documents/statistics/pdf/2001577.pdf</a>
Public note View the item free of charge online at www.communities.gov.uk
942 ## - ADDED ENTRY ELEMENTS (KOHA)
Suppress in OPAC 0
Holdings
Withdrawn status Lost status Source of classification or shelving scheme Damaged status Not for loan Home library Current library Shelving location Date acquired Total Checkouts Full call number Barcode Date last seen Copy number Price effective from Koha item type
    Dewey Decimal Classification     Virtual Virtual Online 11/10/2011   ONLINE PUBLICATION 154070-2001 06/08/2019 1 06/08/2019 Book